[Event "San Sebastian op 40th"]
[Site "San Sebastian"]
[Date "2017.04.14"]
[Round "8"]
[White "Garcia Martinez, Marcos"]
[Black "Del Rey, Diego"]
[Result "0-1"]
[WhiteElo "2168"]
[BlackElo "2356"]
[PlyCount "46"]
[EventDate "2017.04.08"]
[EventType "swiss"]
[EventRounds "9"]
[EventCountry "ESP"]
[SourceTitle "CBM 177 Extra"]
[Source "ChessBase"]
[SourceDate "2017.04.27"]
[SourceVersion "1"]
[SourceVersionDate "2017.04.27"]
[SourceQuality "1"]

1. d4 d6 2. g3 e5 3. Bg2 exd4 4. Nf3 Nf6 5. 0-0 d5 6. Nxd4 Be7 7. c4 dxc4 8. Nc3 0-0 9. Bf4 c6 10. a4 Na6 11. a5 Bc5 12. Nc2 Be6 13. Qxd8 Rfxd8 14. Rad1 h6 15. h3 Nd5 16. Nxd5 Bxd5 17. e4 Be6 18. Be3 Rd3 19. Bxc5 Nxc5 20. Ne3 Rad8 21. f4 f6 22. Rfe1 R8d4 23. Rxd3 cxd3 0-1

[Event "London Classic op 8th"]
[Site "London"]
[Date "2016.12.11"]
[Round "4"]
[White "Garcia Martinez, Marcos"]
[Black "Paterek, Michal"]
[Result "0-1"]
[WhiteElo "2160"]
[BlackElo "2311"]
[PlyCount "90"]
[EventDate "2016.12.09"]
[EventType "swiss"]
[EventRounds "9"]
[EventCountry "ENG"]
[SourceTitle "CBM 176 Extra"]
[Source "ChessBase"]
[SourceDate "2017.03.02"]
[SourceVersion "1"]
[SourceVersionDate "2017.03.02"]
[SourceQuality "1"]

1. d4 d5 2. Nf3 Nf6 3. g3 Bf5 4. c4 e6 5. Bg2 Nc6 6. 0-0 Nb4 7. Na3 Be4 8. Bf4 c6 9. c5 b6 10. Qc1 bxc5 11. dxc5 Be7 12. Nd4 Bxg2 13. Kxg2 Rc8 14. Rd1 0-0 15. Nb3 Nd7 16. Bd2 Na6 17. Na5 Bxc5 18. Nb7 Qe7 19. Nxc5 Ndxc5 20. Nc2 Ne4 21. Be3 c5 22. f3 Nd6 23. Bf2 f5 24. Qe3 Nc4 25. Qc3 Nb6 26. Qa5 Qb7 27. b3 Nd7 28. Ne3 Nb4 29. Kg1 f4 30. gxf4 Rxf4 31. a3 Nc6 32. Qd2 Rd4 33. Qc2 Rb8 34. Bg3 Qxb3 35. Bxb8 Qxe3+ 36. Kf1 Ncxb8 37. Rxd4 Qxd4 38. Rd1 Qf4 39. Kg2 Nc6 40. Rb1 Nd4 41. Qa4 Qc7 42. Qa6 Nc6 43. Rb7 Qc8 44. Qb5 h6 45. a4 c4 0-1

[Event "San Sebastian op 39th"]
[Site "San Sebastian"]
[Date "2016.03.26"]
[Round "9"]
[White "Pap, Misa"]
[Black "Garcia Martinez, Marcos"]
[Result "1-0"]
[WhiteElo "2483"]
[BlackElo "2150"]
[PlyCount "149"]
[EventDate "2016.03.19"]
[EventType "swiss"]
[EventRounds "9"]
[EventCountry "ESP"]
[SourceTitle "CBM 171 Extra"]
[Source "ChessBase"]
[SourceDate "2016.04.26"]
[SourceVersion "1"]
[SourceVersionDate "2016.04.26"]
[SourceQuality "1"]

1. e4 e6 2. d4 d5 3. Nd2 Nf6 4. e5 Nfd7 5. f4 c5 6. c3 Nc6 7. Ndf3 Qa5 8. Kf2 b5 9. a3 a6 10. Bd3 Be7 11. Be3 c4 12. Bc2 f6 13. h4 Nb6 14. Ne2 Bd7 15. h5 0-0-0 16. h6 g6 17. exf6 Bxf6 18. g4 Rhf8 19. Kg2 Kb7 20. Qd2 Nc8 21. Ne5 Nd6 22. Ng3 Qb6 23. Rhe1 Bc8 24. a4 Kc7 25. Bf2 Rde8 26. Re2 Bh4 27. Nf1 Bxf2 28. Rxf2 Bb7 29. Ne3 Ne7 30. a5 Qa7 31. Nf3 Ng8 32. Ng5 Re7 33. Re1 Nf6 34. Kh3 Bc8 35. Nf1 Kb8 36. Kg3 Qc7 37. Ra1 Nf7 38. Nf3 Nxh6 39. N1h2 Nf7 40. Kg2 Nd6 41. Qe3 Nfe4 42. Rff1 h5 43. Ne5 Rg7 44. g5 Nf5 45. Qe1 Bb7 46. Kh3 Qd8 47. Nhf3 Nfg3 48. Rg1 Nf5 49. Qe2 Nfd6 50. Qe3 Nf5 51. Qc1 Qd6 52. Re1 Ka8 53. Nd2 Nf2+ 54. Kg2 Ng4 55. Bxf5 Rxf5 56. Ndf3 Qf8 57. Kg3 Nxe5 58. Nxe5 h4+ 59. Kg4 Qh8 60. Kh3 Qh5 61. Qe3 Rgf7 62. Rf1 Rf8 63. Rf2 Bc8 64. Rg1 Rh8 65. Rg4 Qh7 66. Rf1 Kb7 67. Qe1 Qg7 68. Rxh4 Rff8 69. Kg2 Rxh4 70. Qxh4 Rh8 71. Qe1 Rf8 72. Kg3 Qc7 73. Qa1 Rf5 74. Rh1 Qe7 75. Qc1 1-0

[Event "San Sebastian op 39th"]
[Site "San Sebastian"]
[Date "2016.03.22"]
[Round "5"]
[White "Garcia Martinez, Marcos"]
[Black "Moreto Quintana, Alexandre"]
[Result "1-0"]
[WhiteElo "2150"]
[BlackElo "2061"]
[PlyCount "61"]
[EventDate "2016.03.19"]
[EventType "swiss"]
[EventRounds "9"]
[EventCountry "ESP"]
[SourceTitle "CBM 171 Extra"]
[Source "ChessBase"]
[SourceDate "2016.04.26"]
[SourceVersion "1"]
[SourceVersionDate "2016.04.26"]
[SourceQuality "1"]

1. d4 d5 2. g3 Nf6 3. Nf3 c6 4. c4 Bf5 5. Bg2 Nbd7 6. Nc3 e6 7. 0-0 Be7 8. b3 0-0 9. Bb2 dxc4 10. bxc4 Qb6 11. Qb3 Qa6 12. Rfe1 Ne4 13. Nh4 Nd2 14. Nxf5 Nxb3 15. Nxe7+ Kh8 16. axb3 Qb6 17. d5 cxd5 18. cxd5 Qxb3 19. Reb1 Qb4 20. d6 Qxd6 21. Ba3 Qe5 22. Ne4 Nb6 23. Bd6 Qh5 24. Bf3 Qh3 25. Bg2 Qh5 26. Bf3 Qh3 27. Nc5 Nc4 28. Nxb7 Nxd6 29. Nxd6 Rab8 30. Rxb8 Rxb8 31. Nxf7# 1-0

[Event "Lorca op 4th"]
[Site "Lorca"]
[Date "2015.12.27"]
[Round "3"]
[White "Plaskett, H James"]
[Black "Garcia Martinez, Marcos"]
[Result "1-0"]
[WhiteElo "2440"]
[BlackElo "2175"]
[PlyCount "73"]
[EventDate "2015.12.26"]
[EventType "swiss"]
[EventRounds "9"]
[EventCountry "ESP"]
[SourceTitle "CBM 170 Extra"]
[Source "ChessBase"]
[SourceDate "2016.02.25"]
[SourceVersion "1"]
[SourceVersionDate "2016.02.25"]
[SourceQuality "1"]

1. e4 e6 2. d4 d5 3. Nd2 Nf6 4. e5 Nfd7 5. c3 c5 6. Bd3 Nc6 7. Ngf3 Be7 8. 0-0 cxd4 9. cxd4 a5 10. a4 Nb4 11. Bb1 b6 12. Re1 Ba6 13. Nf1 Rc8 14. Ng3 h5 15. Ra3 Nc6 16. Rae3 g5 17. Bd3 Bxd3 18. Rxd3 g4 19. Nd2 Nb4 20. Rc3 Na2 21. Rc2 Bg5 22. Nb3 Nxc1 23. Nxc1 Ke7 24. Rc3 Rxc3 25. bxc3 Qc7 26. Nge2 Qc4 27. Nd3 Rb8 28. Ndf4 Nxe5 29. Nxe6 fxe6 30. dxe5 b5 31. Nd4 bxa4 32. Qc2 Kd7 33. Qg6 Rb6 34. Qxg5 Qxc3 35. Rc1 Qxd4 36. Qg7+ Kd8 37. Qf8+ 1-0

[Event "Villa Navarrete"]
[Site "Navarrete"]
[Date "2013.09.05"]
[Round "2.1"]
[White "Asensio Linan, Teodoro"]
[Black "Garcia Martinez, Marcos"]
[Result "1-0"]
[WhiteElo "2179"]
[BlackElo "1955"]
[PlyCount "65"]
[EventDate "2013.09.05"]
[EventType "swiss"]
[EventRounds "5"]
[EventCountry "ESP"]
[SourceTitle "EXT 2024"]
[Source "ChessBase"]
[SourceDate "2023.10.10"]
[SourceVersion "1"]
[SourceVersionDate "2023.10.10"]
[SourceQuality "1"]

1. Nf3 e6 2. e4 d5 3. e5 c5 4. c3 Nc6 5. d4 Bd7 6. Be3 cxd4 7. cxd4 Qb6 8. Qd2 Nge7 9. Nc3 Nf5 10. Bd3 Nxe3 11. fxe3 Be7 12. 0-0 Rc8 13. Rac1 0-0 14. Rf2 Na5 15. Qe2 a6 16. Rcf1 Nc4 17. Bb1 f5 18. exf6 Bxf6 19. b3 Na3 20. Ne5 Be8 21. Na4 Qd6 22. Bd3 Rc7 23. Qg4 Be7 24. Qh3 h6 25. Rxf8+ Bxf8 26. Qg3 Bb5 27. Ng6 Rf7 28. Rxf7 Kxf7 29. Qf3+ Ke8 30. Bxb5+ Nxb5 31. Nc5 Be7 32. Qh5 Qb8 33. Nf8+ 1-0

[Event "ESP-ch U16"]
[Site "Salobrena"]
[Date "2012.07.17"]
[Round "3"]
[White "Ponce Cano, Adrian"]
[Black "Garcia Martinez, Marcos"]
[Result "1-0"]
[WhiteElo "1995"]
[BlackElo "1849"]
[PlyCount "69"]
[EventDate "2012.07.16"]
[EventType "swiss"]
[EventRounds "9"]
[EventCountry "ESP"]
[SourceTitle "EXT 2014"]
[Source "ChessBase"]
[SourceDate "2013.11.20"]
[SourceVersion "1"]
[SourceVersionDate "2013.11.20"]
[SourceQuality "1"]

1. e4 e6 2. d3 d5 3. Nd2 Nf6 4. Ngf3 c5 5. g3 Nc6 6. Bg2 Be7 7. 0-0 b6 8. Re1 Bb7 9. e5 Nd7 10. Nf1 Qc7 11. Qe2 0-0-0 12. c3 h6 13. a3 Rhe8 14. Bh3 Ba6 15. b4 c4 16. d4 Bb7 17. Ne3 Nf8 18. Nc2 a6 19. a4 Na7 20. Na3 Kb8 21. Qc2 g5 22. Rb1 Nc8 23. Bg4 Ng6 24. Bxe6 Nxe5 25. Nxe5 fxe6 26. Nf7 Rd7 27. Rxe6 Rf8 28. Nxh6 Bd8 29. Be3 Nd6 30. Ng4 Ne4 31. Ne5 Rd6 32. Rxd6 Qxd6 33. f3 Nf6 34. Bxg5 Ka7 35. Qg6 1-0

[Event "ESP-ch U14"]
[Site "Padron"]
[Date "2011.07.17"]
[Round "9"]
[White "Garcia Martinez, Marcos"]
[Black "Abal Cores, Lucas"]
[Result "1/2-1/2"]
[WhiteElo "1757"]
[BlackElo "1815"]
[PlyCount "121"]
[EventDate "2011.07.12"]
[EventType "swiss"]
[EventRounds "9"]
[EventCountry "ESP"]
[SourceTitle "CBM 143 Extra"]
[Source "ChessBase"]
[SourceDate "2011.08.29"]
[SourceVersion "1"]
[SourceVersionDate "2011.08.29"]
[SourceQuality "1"]

1. d4 d5 2. Nf3 Nf6 3. c4 e6 4. g3 Be7 5. Bg2 0-0 6. 0-0 c5 7. cxd5 Nxd5 8. e4 Nb6 9. Nc3 Nc6 10. dxc5 Bxc5 11. e5 Bd7 12. Bg5 Be7 13. Bxe7 Nxe7 14. Nd4 Qc7 15. Qe2 a6 16. Rac1 Bc6 17. Nxc6 Nxc6 18. Bxc6 Qxc6 19. Qe4 Rac8 20. Qxc6 Rxc6 21. f4 Rfc8 22. Ne2 Rc2 23. Rfd1 Nd5 24. Rxc2 Rxc2 25. Rc1 Rxc1+ 26. Nxc1 Ne3 27. Nd3 b6 28. Kf2 Ng4+ 29. Kg2 Kf8 30. h3 Ne3+ 31. Kf3 Nd5 32. Ke4 g6 33. g4 h6 34. h4 Ke7 35. a3 Kd7 36. f5 g5 37. hxg5 hxg5 38. Ne1 Nf4 39. Nf3 Nh3 40. Nd2 Nf2+ 41. Kf3 Nd3 42. Ke4 Ne1 43. Nc4 exf5+ 44. Kxf5 b5 45. Nd6 Ke7 46. Ne4 Nd3 47. b4 Nb2 48. Nc5 Nc4 49. Nxa6 Nxa3 50. Kxg5 Ke6 51. Kf4 Nc2 52. Nc7+ Kd7 53. Nxb5 Nxb4 54. Kf5 Ke7 55. Nc7 Nd3 56. Nd5+ Kf8 57. Kf6 Nf2 58. g5 Ne4+ 59. Kf5 Ng3+ 60. Kg4 Ne4 61. Kf5 1/2-1/2

[Event "ESP-ch U14"]
[Site "Linares"]
[Date "2010.07.17"]
[Round "7"]
[White "Garcia Martinez, Marcos"]
[Black "Garcia Acosta, Roger"]
[Result "0-1"]
[WhiteElo "1708"]
[BlackElo "1857"]
[PlyCount "106"]
[EventDate "2010.07.13"]
[EventType "swiss"]
[EventRounds "9"]
[EventCountry "ESP"]
[SourceTitle "CBM 137 Extra"]
[Source "ChessBase"]
[SourceDate "2010.09.01"]
[SourceVersion "1"]
[SourceVersionDate "2010.09.01"]
[SourceQuality "1"]

1. d4 d5 2. c4 e6 3. Nf3 Nf6 4. g3 Be7 5. Bg2 0-0 6. 0-0 Nbd7 7. Nc3 c6 8. Nd2 e5 9. cxd5 cxd5 10. Nxd5 Nxd5 11. Bxd5 Nb6 12. Bg2 exd4 13. b3 Nd5 14. Bb2 Nc3 15. Bxc3 dxc3 16. Ne4 Ba3 17. Qc2 Bb2 18. Rad1 Qa5 19. Rd5 Qb4 20. Rfd1 Be6 21. Ng5 g6 22. Nxe6 fxe6 23. R1d4 Qb6 24. Rd6 Qc5 25. Be4 e5 26. Bxg6 exd4 27. Bxh7+ Kh8 28. Rh6 Qg5 29. Rh4 Qc1+ 30. Kg2 Qxc2 31. Bxc2+ Kg7 32. Rh7+ Kg8 33. Rxb7 Rae8 34. Kf1 Rf7 35. Rb4 Rd7 36. h4 Re5 37. g4 Ba3 38. Rb8+ Bf8 39. g5 Rde7 40. Bd3 Ra5 41. a4 Rc5 42. Bc2 Rh7 43. b4 Rcc7 44. f4 Rxh4 45. f5 Rg4 46. Bb3+ Kg7 47. f6+ Kg6 48. Rxf8 c2 49. Rg8+ Kh7 50. Rg7+ Rxg7 51. Bxc2+ Rg6 52. Bxg6+ Kxg6 53. Kf2 d3 0-1